000 00430nam a22001577a 4500
005 20251108172017.0
008 250721s1983 xx 000 0 ara d
082 1 4 _a366.1/محم
100 1 _aالزعبي، محمد علي
245 1 0 _aالماسونية في العراء /
264 1 _aبيروت :
_bدار الجيل،
_c1983.
300 _a215ص
650 1 7 _aالماسونية
942 _2ddc
_cBK
999 _c68214
_d68214